Glory.

সংরক্ষণ করুন:
গ্রন্থ-পঞ্জীর বিবরন
প্রধান লেখক: D'Alessandro, Robert (fotógrafo)
বিন্যাস: অজ্ঞাত
ভাষা:ইংরেজি
প্রকাশিত: New York, USA Elephant Publishing 1974
বিষয়গুলি:
ট্যাগগুলো: ট্যাগ যুক্ত করুন
কোনো ট্যাগ নেই, প্রথমজন হিসাবে ট্যাগ করুন!

MARC

LEADER 00000 a2200000 4500
003 CL-VaPUC
005 20210825122613.0
008 210715b1974 ||||| |||| 00| 0 eng d
999 |c 433307  |d 433305 
020 |a 0-914654-00-4 
040 |c Pontificia Universidad Católica de Valparaíso 
082 |a 779.99299 DAL 1974 
100 1 |a D'Alessandro, Robert  |e fotógrafo   |9 862303 
245 |a Glory. 
260 |a New York, USA  |b Elephant Publishing   |c 1974 
300 |a sin paginación;   |b fotos en blanco y negro 
583 |k Cristina Rojas  |c 20210715 
650 |a Banderas  |x Fotografías   |9 862304 
650 0 |a Fotografía artística  |9 269391 
942 |2 ddc  |c BK 
952 |0 0  |1 0  |2 ddc  |4 0  |6 779_992990000000000_DAL_1974  |7 0  |8 R  |9 578404  |a BIBART  |b BIBART  |d 2021-07-15  |e 139  |g 0.00  |i 558616K  |o 779.99299 DAL 1974  |p 558616K  |r 2025-03-13  |t 1  |v 0.00  |w 2021-07-15  |y BK_R  |k ART